Live Action DC TV Shows Quiz Stats

 Plays Quiz not verified by Sporcle

Support Sporcle.
Go Orange.
Score 0/30 Timer 08:00
0 Plays Today
Hint Answer % Correct
1990-1991The Flash
98%
2014-PresentThe Flash
98%
2012-2020Arrow
96.7%
2015-PresentSupergirl
95.4%
1966-1968Batman
92.8%
2016-PresentLegends of Tomorrow
92.8%
2001-2011Smallville
86.9%
2019-PresentBatwoman
86.4%
2014-2019Gotham
81%
2018-PresentBlack Lightning
76.5%
2019Swamp Thing
75%
1975-1979Wonder Woman
72.5%
2014-2015Constantine
72.5%
1993-1997Lois & Clark: The New Adventures of Superman
69.9%
2019-PresentDoom Patrol
68.2%
Hint Answer % Correct
2002-2003Birds of Prey
62.7%
1990-1993Swamp Thing: The Series
58.2%
2018-PresentTitans
52.3%
1974-1976Shazam!
51%
1952-1958Adventures of Superman
50.3%
1988-1992Superboy
48.4%
2018-2019Krypton
43.1%
2015-2019iZombie
41.8%
2016-PresentLucifer
41.8%
2017Powerless
35.3%
1992Human Target
32.7%
2010-2011Human Target
32.7%
2019-PresentPennyworth
31.8%
2016-2019Preacher
27.5%
2019Watchmen
17.6%

You're not logged in!

Compare scores with friends on all Sporcle quizzes.
OR
Log In

From the Vault

Baby Names Starting with JO-

by Pillbug

Her beauty is beyond compare, but Jolene did not make the cut.
Remove Ads.
Support Sporcle.
Get the best of Sporcle when you Go Orange. This ad-free experience offers more features, more stats, and more fun while also helping to support Sporcle. Thank you for becoming a member.

Show Comments

Extras

Created Feb 12, 2018ReportNominate
Tags:DC Comics Quiz, TV Show Quiz

Top Quizzes Today


Score Distribution

Your Account Isn't Verified!

In order to create a playlist on Sporcle, you need to verify the email address you used during registration. Go to your Sporcle Settings to finish the process.

Report this User

Report this user for behavior that violates our Community Guidelines.

Details: